| 000 | 00451nam a2200181Ia 4500 | ||
|---|---|---|---|
| 001 | 17337 | ||
| 005 | 20260306171510.0 | ||
| 008 | 260306s9999||||xx |||||||||||||| ||und|| | ||
| 041 | _aESP | ||
| 082 |
_a657.7 _bM36C T. 2 |
||
| 100 |
_aMeigs, Robert F. _eAUT |
||
| 245 | 0 |
_aContabilidad : _bla base para decisiones comerciales |
|
| 260 | _c2001 | ||
| 300 |
_apágs. : _cil., cuadrs. |
||
| 650 | _aGEN | ||
| 654 | _aCCO | ||
| 942 |
_cLIB _dJUS _fJUS _2ddc _n |
||
| 999 |
_c17337 _d17337 |
||